Statistiques concernant Retrouve les feats

Cliquez ici pour prendre le quiz!

Statistiques générales

  • Ce quiz a été pris 16 fois
  • Le résultat moyen est 6 sur 8

Statistiques - réponses

Réponse% Correct
Médine
100%
Ninho
100%
Lartiste
85%
Sofiane
85%
Youssoupha
85%
Seth Gueko
62%
Lino
54%
Alivor
46%

Distribution des résultats

Percentile par nombre de réponses

% des personnes avec chaque résultat

Votre développement - résultats

Vous n’avez pas pris ce quiz